000 00282nam a22001097a 4500
008 160520b xxu||||| |||| 00| 0 eng d
020 _a0256033021
041 _aeng
080 _a339.138
245 _aContemporary advertising:
_cCourtland L. Bovee; William F. Arens;
942 _2udc
_cBK
999 _c2280
_d2280